000 00785cab a2200217 4500
001 ABS40354
008 090401t1989 xxu||||| |||| 00| 0 eng d
035 _a(Sirsi) u23259
041 _aeng
100 _aBill, P.
245 _aCommunity chase
260 _c1989
350 _a0
490 _aBuilding
_v254(7585) 17 February 1989, 21(1)
520 _aReviews mounting pressures for major building contractors to form Euro-conglomerates in the run-up to 1992 noting mergers and takeovers already in the pipeline. Illustrates the differences in size (in terms of profit) between UK construction companies and those from France and Germany.
650 _aBUILDING INDUSTRY
650 _aSINGLE MARKET
690 _aEUROPE-SINGLE MARKET
942 _n0
948 _c04/03/1997
999 _c15560
_d15560